000 00734nam a22002057a 4500
005 20180904114404.0
010 _aENG-123922
020 _c299.00
_a9788192854441
035 _aEN-107454
037 _bDBAD/PUB
082 _a338.04
100 _aRath, Pranabananda
245 _aEntrepreneurship :
_cby Pranabananda Rath [and] Sarjue Pandita
_bstart up india & stand up india /
260 _c2017
_bLexicon Publishing House
_aDelhi
270 _aPlot No. 289, Shri Ram Mandir Lane, Sant Nagar Ext., J.D. Farm,
_bDelhi
_e110084
300 _c23cm.(pbk.)
_axii,236p.
_bill.(pictures, tables)
500 _aIt includes abbreviation and bibliography
700 _aPandita, Sarjue
942 _cEN
_2ddc
_mRAT
_h338.04
999 _c156752
_d156752